Countries to Capitals Alphabetically - Statistics

General Stats
  • This quiz has been taken 35 times
    24 since last reset
  • The average score is 18 of 20
Answer Stats
Region Letters Country/Capital % Correct
Asia IJ Indonesia
100%
South America AB Argentina
95%
Eurasia AB Azerbaijan
95%
Baku
95%
Buenos Aires
95%
Middle East IJ Israel
95%
Jakarta
95%
Caribbean JK Jamaica
95%
Jerusalem
95%
Kingston
95%
S. Africa LM Lesotho
95%
W. Africa LM Liberia
95%
Europe NO Norway
89%
Oslo
89%
Africa MN Mauritania
84%
Monrovia
84%
Maseru
79%
Asia MN Myanmar
79%
Nay Pyi Taw
74%
Nouakchott
68%
No matching quizzes found
Score Distribution
Percent of People with Each Score
Percentile by Number Answered
Your Score History
You have not taken this quiz since the last reset